LEADER 00807nam0 2200253 450 001 000001233 005 20050630115300.0 100 $a--------d1972----km-y0itay50------ba 101 $aita 102 $aIT 200 1 $aTeorie e ideologie nel diritto sindacale$el'esperienza italiana dopo la Costituzione$fGiovanni Tarello 205 $a2. ed. 210 $aMilano$cEdizioni di comunità$d1972 215 $a197 p.$d23 cm 225 2 $aDiritto e cultura moderna$v5 410 0$12001$aDiritto e cultura moderna 610 1 $aSindacati$aDiritto 676 $a331.88 700 1$aTarello,$bGiovanni$0142691 801 0$aIT $bUNIPARTHENOPE $gRICA $2UNIMARC 912 $a000001233 951 $cNAVA1$a344-T/1$b18278$d20000414 996 $aTeorie e ideologie nel diritto sindacale$9194549 997 $aUNIPARTHENOPE LEADER 01095nam0-2200373---450- 001 990009566720403321 005 20120524201856.0 010 $a978-88-604-2694-9 035 $a000956672 035 $aFED01000956672 035 $a(Aleph)000956672FED01 035 $a000956672 100 $a20120504d2010----km-y0itay50------ba 101 0 $aita 102 $aIT 105 $ay-------001yy 200 1 $a<>Consiglio di spada e di toga$eil Collaterale napoletano dal 1443 al 1542$fRossana Sicilia 210 $aNapoli$cGuida$d2010 215 $a286 p.$d24 cm 225 1 $aPassaggi e percorsi$iSaggi$v13 225 1 $aPassaggi e percorsi$v16 610 0 $aRegno di Napoli$aConsiglio Collaterale 610 0 $aFerdinando II$aCorona Aragonese$aGoverno 676 $a945.706 676 $a321.09 676 $a340.53 700 1$aSicilia,$bRossana$0444747 801 0$aIT$bUNINA$gRICA$2UNIMARC 901 $aBK 912 $a990009566720403321 952 $a343.53 SIC 1$bD.D.S. 12818$fFLFBC 959 $aFLFBC 996 $aConsiglio di spada e di toga$9847569 997 $aUNINA